000 00600nam a2200241Ia 4500
003 OSt
005 20220928125343.0
006 a|||||r|||| 00| 0
007 ta
008 220927b |||||||| |||| 00| 0 eng d
024 _a26154
037 _cTextual
040 _aSDCL
_cSDCL
_beng
041 _2eng
_aeng
082 _aX:8Kg, M3
100 _aWilson R M S
_9469366
245 0 _aCost control handbook
250 _a2
260 _aEngland
_bGower Handbook
_c1983
300 _axvii,610p
_ccm.
942 _hX:8Kg, M3
_cTEXL
_2CC
999 _c782023
_d782023